000 00868nam a2200301 a 4500
001 000008193
003 DO-SdBPM
005 20250625090730.0
007 ta
008 090915s1978 dr 000 j spa d
040 _aDO-SdBPM
_bspa
_cBPMSU
_erda
_d
082 4 _aRD863.44
_bR572f 1978
_222
100 1 _aRijo, José,
_d1915-
_eautor
245 1 0 _aFloreo :
_bcuentos /
_cJosé Rijo.
260 _b
_c
264 _aSanto Domingo :
_bColonial,
_c1978.
300 _a92 páginas . ;
_c21 cm.
336 _atexto
_btxt
_2rdacontent
337 _asin mediación
_bn
_2rdamedia
338 _avolumen
_bnc
_2rdacarrier
590 _aInventariado, 2025/VM
650 7 _aCuentos dominicanos
650 7 _aLiteratura dominicana.
650 z _aShort stories, Dominican
650 z _aDominican literature
910 _aVMateo V. Control de calidad. BPMSU
942 _2ddc
_cBK
999 _c15211
_d15211